000 00960nam a22002657a 4500
001 7527
003 FISKH
005 20250723101817.0
008 250723b cb ||||| |||| 00| 0 eng d
020 _a9780663612178
040 _aFISKH
_beng
_cFISKH
_dFISKH
050 _aPZ7
082 _a372.4
100 _aGinn, Silver Burdett
245 _aLiterature works :
_bA collection of readings /
260 _aNeedham Heights :
_bSilver Burdett Ginn,
_c1997.
300 _a144 pages ;
_bcolor illustrations ;
_c29 cm
505 _aE
520 _ais an early literacy textbook designed for first-grade students who are just beginning to read. It is part of the Silver Burdett Ginn reading program, which supports reading development through engaging stories, poems, and informational texts.
521 8 _a160
_bLexile estimate
521 8 _aE
_bRaz-Plus
650 _aBoys Collection
_vLiterature
942 _2ddc
_cBK
_n0
999 _c7527
_d7527